• 首页
  • 本馆介绍
  • 公告通知
  • 最新文献
  • 馆藏检索
  • 电子资源
  • 读者导购
  • 参考咨询
  • 我的图书馆
  • 登录
  • 详细信息显示
  • 放入我的书架
  • 预约/预借图书
  • 作者相关作品
  • 分类相关作品
  • 丛书相关作品
  • 出版社相关作品

书目信息

  • 表格格式
  • 工作单格式
  • 卡片格式
题名:
鲁迅与外国文学关系研究
    
 
作者: 李春林 主编
分册: 下  
出版信息: 长春   吉林人民出版社  2005
页数: 473~886页
开本: 20cm
丛书名:
单 册:
中图分类: I210.97 , K825.6=6
科图分类:
主题词: 鲁迅著作--文学研究 , 鲁迅著作 , 文学研究
电子资源:
ISBN: 7-206-04320-8
000 00978nam0 2200301 450
001 012005200070
005 20070706092419.04
010    @a7-206-04320-8@dCNY70.00(全2册)
092    @aCN@b107104
100    @a20051016d2005 em y0chiy0110 ea
101 0  @achi
102    @aCN@b220000
105    @ay z 000yy
200 1  @a鲁迅与外国文学关系研究@9lu xun yu wai guo wen xue guan xi yan jiu@h下@f李春林主编
205    @a2版
210    @a长春@c吉林人民出版社@d2005
215    @a473~886页@d20cm
330    @a本书分上下两编。上编将与鲁迅发生过这样或那样的重要联系的外国文学流派、外国作家同鲁迅进行比较研究;下编则是鲁迅与单个外国作家关系的梳理与研究。
600  0 @a鲁迅@f(1881~1936)@x人物研究
600  0 @a鲁迅@f(1881~1936)
606 0  @a鲁迅著作@x文学研究
606 0  @a鲁迅著作
606 0  @a文学研究
690    @aI210.97@v4
690    @aK825.6=6@v4
701  0 @a李春林@9li chun lin@4主编
801  0 @aCN@bLZJBOOK@c20070706
905    @a10447@dI210.97@e257:2=2
    
    鲁迅与外国文学关系研究.下/李春林主编.-2版.-长春:吉林人民出版社,2005
    473~886页;20cm
    
    
    ISBN 7-206-04320-8:CNY70.00(全2册)
    本书分上下两编。上编将与鲁迅发生过这样或那样的重要联系的外国文学流派、外国作家同鲁迅进行比较研究;下编则是鲁迅与单个外国作家关系的梳理与研究。
●
相关链接 在E读中查询图书 在五车中查询图书 在当当中查询图书 在豆瓣中查询图书


正题名:鲁迅与外国文学关系研究     索取号:I210.97/257:2=2         预约/预借

序号 登录号 条形码 馆藏地/架位号 状态 备注
1 0564765   205647656   第一样本阅览室/ [索取号:I210.97/257:2=2] 在馆    
2 0564766   205647665   第二借阅区/ [索取号:I210.97/257:2=2] 在馆    
3 0564767   205647674   第二借阅区/ [索取号:I210.97/257:2=2] 在馆    
4 0564768   205647683   第二借阅区/ [索取号:I210.97/257:2=2] 在馆    
5 0564769   205647692   第二借阅区/ [索取号:I210.97/257:2=2] 在馆    
6 0564770   205647709   第二借阅区/ [索取号:I210.97/257:2=2] 在馆    
欢迎您!
大连网信软件有限公司© 版权所有